Players Championship Finals Darts Winners - Statistics

General Stats
  • This quiz has been taken 11 times
  • The average score is 14 of 18
Answer Stats
Year Country Winner % Correct
2025 England Luke Littler
100%
2022 Netherlands Michael van Gerwen
90%
2020 Netherlands Michael van Gerwen
90%
2019 Netherlands Michael van Gerwen
90%
2017 Netherlands Michael van Gerwen
90%
2016 Netherlands Michael van Gerwen
90%
2015 Netherlands Michael van Gerwen
90%
2013 Netherlands Michael van Gerwen
90%
2014 Scotland Gary Anderson
80%
2012 England Phil Taylor
80%
2011 (Feb) England Phil Taylor
80%
2009 England Phil Taylor
80%
2024 England Luke Humphries
70%
2023 England Luke Humphries
70%
2021 Scotland Peter Wright
70%
2018 Northern Ireland Daryl Gurney
40%
2011 (Dec) England Kevin Painter
30%
2010 Australia Paul Nicholson
30%
No matching quizzes found
Score Distribution
Percent of People with Each Score
Percentile by Number Answered
Your Score History
You have not taken this quiz